[Event "66th New York Masters"]
[Site "New York"]
[Date "2003.07.29"]
[Round "4"]
[White "Stripunsky, Alexander"]
[Black "Braylovsky, Gregory"]
[Result "0-1"]
[WhiteElo "2651"]
[BlackElo "2395"]
[PlyCount "86"]
[EventDate "2003.07.29"]
[SourceDate "2002.01.21"]

1. e4 c5 2. Nc3 Nc6 3. g3 d6 4. Bg2 g6 5. d3 Bg7 6. Nh3 Rb8 7. f4 Nd4 8. O-O
Nf6 9. Nd5 Nxd5 10. exd5 O-O 11. c3 Nf5 12. Ng5 b5 13. Qe1 b4 14. g4 bxc3 15.
bxc3 Nh6 16. h3 Qa5 17. Bd2 Rb2 18. Rd1 Qxa2 19. Ra1 Qb3 20. Rxa7 Qc2 21. Nf3
Qxd3 22. Rxe7 Qxd5 23. f5 Qa2 24. Re8 Bd7 25. Rxf8+ Bxf8 26. Kh1 Bb5 27. c4
Bxc4 28. Rg1 Bd5 29. Qe8 Rxd2 30. Nxd2 Qxd2 31. Bxd5 Qxd5+ 32. Kh2 Qd2+ 33. Rg2
Qf4+ 34. Kg1 d5 35. Qa8 Qd4+ 36. Kh1 Qe4 37. Qc8 c4 38. Kh2 Qe5+ 39. Kg1 Kg7
40. Rf2 Qg3+ 41. Kf1 Qxh3+ 42. Rg2 Qf3+ 43. Kg1 Nxg4 0-1

[Event "67th New York Masters"]
[Site "New York"]
[Date "2003.08.05"]
[Round "4"]
[White "Gonzales, Jayson"]
[Black "Braylovsky, Gregory"]
[Result "1-0"]
[WhiteElo "2404"]
[BlackElo "2386"]
[PlyCount "229"]
[EventDate "2003.08.05"]
[SourceDate "2002.01.21"]

1. c4 Nf6 2. g3 g6 3. Bg2 Bg7 4. Nc3 O-O 5. d3 c6 6. e4 d6 7. Nge2 a6 8. O-O b5
9. h3 Nbd7 10. Be3 b4 11. Na4 Rb8 12. d4 Nb6 13. Nxb6 Qxb6 14. e5 Ne8 15. c5
dxc5 16. dxc5 Qc7 17. f4 f6 18. Nd4 fxe5 19. Nxc6 Rb5 20. Nxe5 Be6 21. Bd5 Qc8
22. Qb3 Nc7 23. Bxe6+ Nxe6 24. Nf3 Kh8 25. Rac1 Nxc5 26. Qc2 Qxh3 27. Bxc5 Rc8
28. Qf2 Rd8 29. Bxe7 Rd3 30. Bh4 h6 31. Ne5 Rbd5 32. Qg2 Qxg2+ 33. Kxg2 Bxe5
34. fxe5 g5 35. Rf7 Rd8 36. Bxg5 hxg5 37. Rcc7 Re3 38. Rfe7 g4 39. Rh7+ Kg8 40.
Rhg7+ Kh8 41. Rh7+ Kg8 42. Rhg7+ Kh8 43. Rxg4 Rxe5 44. Rxb4 Rh5 45. Rbb7 Rh6
46. Rd7 Rf8 47. g4 Re8 48. Re7 Rd8 49. Rbd7 Rb8 50. Kg3 Rg6 51. b3 a5 52. Ra7
Kg8 53. Rxa5 Kf8 54. Rh7 Kg8 55. Rah5 Rb4 56. Rh8+ Kg7 57. R5h7+ Kf6 58. Rf8+
Ke6 59. Rf4 Rb8 60. Rc7 Kd6 61. Rc2 Ra8 62. Rd4+ Ke5 63. Rdc4 Rgg8 64. Re2+ Kd5
65. Rd2+ Ke5 66. Rc5+ Ke6 67. Kf4 Ra6 68. Re5+ Kf6 69. g5+ Kg6 70. Red5 Rf8+
71. Kg4 Raa8 72. Rd6+ Kg7 73. Rd7+ Kg8 74. g6 Ra5 75. Rd8 Rxd8 76. Rxd8+ Kg7
77. Rd2 Kxg6 78. Rf2 Re5 79. a4 Re3 80. Rf3 Re1 81. Kg3 Re2 82. Kf4 Kf6 83. Re3
Ra2 84. Ke4 Ke6 85. Kd4+ Kd6 86. Kc4 Kc6 87. Re6+ Kb7 88. Kb5 Rh2 89. Re7+ Ka8
90. b4 Rh5+ 91. Ka6 Rh6+ 92. Ka5 Rh5+ 93. b5 Rh6 94. b6 Rh5+ 95. Ka6 Rh8 96. a5
Kb8 97. Rb7+ Ka8 98. Rg7 Kb8 99. Rf7 Rg8 100. Rh7 Rf8 101. Rb7+ Ka8 102. Rc7
Kb8 103. Kb5 Rf1 104. Re7 Rf5+ 105. Ka6 Rf8 106. Rd7 Rh8 107. Kb5 Rh5+ 108. Kc6
Rh6+ 109. Rd6 Rh8 110. a6 Ka8 111. Kd7 Rh7+ 112. Kc8 Rh8+ 113. Rd8 Rxd8+ 114.
Kxd8 Kb8 115. b7 1-0

[Event "69th New York Masters"]
[Site "New York"]
[Date "2003.08.19"]
[Round "1"]
[White "Mahesh Chandran, Panjanathan"]
[Black "Norowitz, Yaacov"]
[Result "0-1"]
[WhiteElo "2465"]
[BlackElo "2204"]
[PlyCount "64"]
[EventDate "2003.08.19"]
[SourceDate "2002.01.21"]

1. e4 c6 2. d4 d5 3. exd5 cxd5 4. c4 Nf6 5. Nc3 e6 6. Nf3 Be7 7. cxd5 Nxd5 8.
Bd3 O-O 9. O-O Nf6 10. Re1 b6 11. Bc2 Nc6 12. a3 Ba6 13. Be3 Rc8 14. Rc1 Na5
15. Bb1 Nc4 16. Qc2 Nxe3 17. fxe3 Bb7 18. e4 e5 19. Rcd1 Nd7 20. Kh1 Qc7 21. d5
Bd6 22. Qf2 a6 23. Qh4 Qd8 24. Qh3 Qe7 25. Nh4 g6 26. Re3 Nf6 27. Rf1 Nh5 28.
Nf5 gxf5 29. Qxh5 f4 30. Rxf4 exf4 31. e5 f5 32. exf6 fxe3 0-1

[Event "69th New York Masters"]
[Site "New York"]
[Date "2003.08.19"]
[Round "2"]
[White "Norowitz, Yaacov"]
[Black "Stripunsky, Alexander"]
[Result "1/2-1/2"]
[WhiteElo "2204"]
[BlackElo "2660"]
[PlyCount "63"]
[EventDate "2003.08.19"]
[SourceDate "2002.01.21"]

1. d4 d5 2. e3 Nf6 3. Bd3 c6 4. Nd2 Bg4 5. Ne2 Nbd7 6. f3 Bh5 7. Nf4 Bg6 8.
Nxg6 hxg6 9. f4 e6 10. c3 Bd6 11. O-O Qe7 12. Qe2 g5 13. Nf3 g4 14. Ne5 O-O-O
15. g3 Ne4 16. Bxe4 dxe4 17. Qxg4 f5 18. Qe2 Bxe5 19. fxe5 Rh3 20. b4 Rdh8 21.
Rf2 Nf8 22. b5 cxb5 23. Qxb5 Nh7 24. Rb1 Ng5 25. Ba3 Qc7 26. Bd6 a6 27. Qa4
Nf3+ 28. Kf1 Qf7 29. Qc6+ bxc6 30. Rb8+ Kd7 31. Rb7+ Kc8 32. Rb8+ 1/2-1/2

[Event "70th New York Masters"]
[Site "New York"]
[Date "2003.08.26"]
[Round "1"]
[White "Gonzales, Jayson"]
[Black "Norowitz, Yaacov"]
[Result "1/2-1/2"]
[WhiteElo "2404"]
[BlackElo "2204"]
[PlyCount "39"]
[EventDate "2003.08.26"]
[SourceDate "2002.01.21"]

1. Nf3 c5 2. c4 b6 3. g3 Bb7 4. Bg2 g6 5. Nc3 Nf6 6. O-O Bg7 7. d4 Ne4 8. Qc2
Nxc3 9. bxc3 Nc6 10. dxc5 bxc5 11. Rb1 Qc7 12. Be3 d6 13. Ng5 O-O 14. Qe4 Rac8
15. Qh4 h6 16. Nf3 Kh7 17. Ng5+ Kg8 18. Ne4 Kh7 19. Ng5+ Kg8 20. Nf3 1/2-1/2

[Event "70th New York Masters"]
[Site "New York"]
[Date "2003.08.26"]
[Round "2"]
[White "Furdzik, Rafal"]
[Black "Ippolito, Dean"]
[Result "0-1"]
[WhiteElo "2265"]
[BlackElo "2435"]
[PlyCount "70"]
[EventDate "2003.08.26"]
[SourceDate "2002.01.21"]

1. e4 e5 2. Nf3 Nf6 3. Nxe5 d6 4. Nf3 Nxe4 5. d4 d5 6. Bd3 Bd6 7. c4 Bb4+ 8.
Nbd2 Bf5 9. Be2 Nc6 10. O-O O-O 11. Nb3 dxc4 12. Bxc4 Bg4 13. h3 Bh5 14. a3 Be7
15. g4 Bg6 16. d5 Nb8 17. Nfd4 Nd7 18. Nf5 Bxf5 19. gxf5 Nb6 20. Qe2 Nd6 21.
Bd3 Nxd5 22. Qf3 c6 23. Kh1 Bf6 24. Rg1 Kh8 25. Nc5 Re8 26. Rb1 Qe7 27. Bd2 b6
28. Rbe1 Qc7 29. Ne4 Nxe4 30. Bxe4 Qe5 31. Bd3 Qxb2 32. Rxe8+ Rxe8 33. Bc1 Qd4
34. Bd2 Qc5 35. Qh5 Re7 0-1

[Event "70th New York Masters"]
[Site "New York"]
[Date "2003.08.26"]
[Round "4"]
[White "Furdzik, Rafal"]
[Black "Benen, Samson"]
[Result "0-1"]
[WhiteElo "2265"]
[BlackElo "2324"]
[PlyCount "42"]
[EventDate "2003.08.26"]
[SourceDate "2002.01.21"]

1. e4 e5 2. Nf3 Nc6 3. d4 exd4 4. Nxd4 Bb4+ 5. c3 Bc5 6. Be3 Bb6 7. Qg4 Qf6 8.
Be2 d5 9. Qg3 Nxd4 10. Bxd4 Bxd4 11. cxd4 dxe4 12. Nc3 Ne7 13. Qxc7 O-O 14.
Nxe4 Qh4 15. Bf3 Nc6 16. d5 Nd4 17. Qc3 Nxf3+ 18. gxf3 Bf5 19. Rg1 Bg6 20. Kf1
Rac8 21. Qd4 f5 0-1

[Event "70th New York Masters"]
[Site "New York"]
[Date "2003.08.26"]
[Round "4"]
[White "Stripunsky, Alexander"]
[Black "Eisen, Lewis"]
[Result "1-0"]
[WhiteElo "2660"]
[BlackElo "2291"]
[PlyCount "111"]
[EventDate "2003.08.26"]
[SourceDate "2002.01.21"]

1. e4 e5 2. Nf3 Nc6 3. Bb5 a6 4. Ba4 Nf6 5. O-O Be7 6. Bxc6 dxc6 7. d3 Nd7 8.
b3 Bd6 9. Nbd2 O-O 10. Nc4 c5 11. Bb2 Re8 12. a4 b6 13. Kh1 f6 14. Ng1 Nf8 15.
Ne2 Ne6 16. Qd2 Qe7 17. f4 Nxf4 18. Nxf4 exf4 19. Nxd6 cxd6 20. Qxf4 Bd7 21.
Rf3 Rf8 22. Raf1 Rf7 23. Rg3 Raf8 24. c4 a5 25. h3 Bc8 26. Rgf3 Bd7 27. Qg3 Kh8
28. Qf4 Bc8 29. g4 Kg8 30. Kg1 Be6 31. Bc3 Bc8 32. R1f2 Be6 33. Kf1 Bc8 34. Qg3
h6 35. Ke2 Rd8 36. Kd2 Be6 37. h4 Rdf8 38. Kc2 Qd7 39. Rf4 Qe7 40. Bd2 Qd7 41.
g5 hxg5 42. hxg5 fxg5 43. Qxg5 Rxf4 44. Rxf4 Rxf4 45. Bxf4 Kf8 46. Qg3 Ke7 47.
Qxg7+ Kd8 48. Qf8+ Kc7 49. Kd2 Kc6 50. Qb8 Bg4 51. Qa8+ Kc7 52. e5 Qc6 53.
exd6+ Kd7 54. Qa7+ Kc8 55. d7+ Bxd7 56. Qb8# 1-0

[Event "71st New York Masters"]
[Site "New York"]
[Date "2003.09.02"]
[Round "1"]
[White "Bonin, Jay R"]
[Black "Ross, Laura R"]
[Result "1-0"]
[WhiteElo "2377"]
[BlackElo "2124"]
[PlyCount "71"]
[EventDate "2003.09.02"]
[SourceDate "2002.01.21"]

1. g3 d5 2. Bg2 Nf6 3. c4 c6 4. Qc2 g6 5. Nf3 Bg7 6. O-O O-O 7. d3 Bg4 8. Nbd2
Nbd7 9. h3 Bxf3 10. Nxf3 e5 11. Bg5 Re8 12. cxd5 cxd5 13. Rac1 Qb6 14. Nd2 h6
15. Bxf6 Nxf6 16. Qb3 Qxb3 17. Nxb3 Rac8 18. Na5 b6 19. Nc6 Rc7 20. Rc2 Kf8 21.
Rfc1 Rec8 22. h4 e4 23. Bh3 Re8 24. dxe4 dxe4 25. e3 Nd5 26. b4 a6 27. a4 f5
28. h5 gxh5 29. Bxf5 Bf6 30. Bg6 Re6 31. Bxh5 b5 32. axb5 axb5 33. Rc5 Nc3 34.
R1xc3 Bxc3 35. Nd8 Re5 36. Rxc7 1-0

[Event "71st New York Masters"]
[Site "New York"]
[Date "2003.09.02"]
[Round "2"]
[White "Gonzales, Jayson"]
[Black "Fierro Baquero, Martha Lorena"]
[Result "1-0"]
[WhiteElo "2404"]
[BlackElo "2320"]
[PlyCount "137"]
[EventDate "2003.09.02"]
[SourceDate "2002.01.21"]

1. Nf3 g6 2. c4 Bg7 3. Nc3 d6 4. d4 c5 5. e3 cxd4 6. exd4 Nf6 7. h3 O-O 8. Be3
d5 9. Qb3 dxc4 10. Bxc4 Nc6 11. Ne5 e6 12. Nxc6 bxc6 13. Na4 Nd5 14. Bxd5 cxd5
15. O-O Ba6 16. Rfc1 Rb8 17. Qd1 Qa5 18. b3 Rfc8 19. Nc5 Bb5 20. Rc2 Qb6 21.
Rac1 h5 22. Qd2 a5 23. Bh6 Bh8 24. Qe3 Ra8 25. Bf4 Qa7 26. Be5 Bxe5 27. Qxe5
Rc6 28. g4 hxg4 29. hxg4 Qc7 30. Qg5 Qd8 31. Qf4 Qd6 32. Qh6 Qf8 33. Qxf8+ Rxf8
34. a4 Ba6 35. Nd7 Rxc2 36. Rxc2 Rd8 37. Rc7 Bd3 38. g5 Bf5 39. f3 Kg7 40. Kf2
Bc2 41. Ne5 Bxb3 42. Rxf7+ Kg8 43. Ra7 Bxa4 44. Rxa5 Bc2 45. Ra7 Rb8 46. Ng4
Rb3 47. Rc7 Bd1 48. Ne3 Rb2+ 49. Kg3 Be2 50. Kf4 Rb3 51. Re7 Rd3 52. Rxe6 Rxd4+
53. Kg3 Rd3 54. Rxg6+ Kf7 55. Rf6+ Kg8 56. Ng4 Ra3 57. Nh6+ Kg7 58. Nf5+ Kg8
59. Ne7+ Kg7 60. Nf5+ Kg8 61. Nd4 Bd3 62. Kf4 Ra6 63. Rxa6 Bxa6 64. Ke5 Kg7 65.
f4 Kg6 66. Ne6 Bb7 67. f5+ Kh7 68. g6+ Kg8 69. f6 1-0

[Event "74th New York Masters"]
[Site "New York"]
[Date "2003.09.23"]
[Round "1"]
[White "Mikhalevski, Victor"]
[Black "Corbblah, Jonathan"]
[Result "1-0"]
[WhiteElo "2580"]
[BlackElo "2021"]
[PlyCount "70"]
[EventDate "2003.09.23"]
[SourceDate "2002.01.21"]

1. d4 e5 2. dxe5 Nc6 3. Nf3 Bc5 4. Nc3 f6 5. exf6 Nxf6 6. e3 d5 7. Be2 Bg4 8.
Nd4 Ne5 9. Bxg4 Nfxg4 10. h3 Qh4 11. g3 Qh6 12. Nf5 Nxf2 13. Qxd5 Qf6 14. O-O
c6 15. Qe6+ Qxe6 16. Nxg7+ Ke7 17. Nxe6 Nxh3+ 18. Kg2 Bd6 19. Nd4 Ng5 20. Nf5+
Ke6 21. e4 Rhg8 22. Nxd6 Kxd6 23. Rf6+ Ke7 24. Rf5 Ngf7 25. Be3 Rg6 26. Bc5+
Ke6 27. Ne2 b6 28. Nf4+ Kd7 29. Rd1+ Ke8 30. Bg1 Rg4 31. c3 Ng6 32. Kh3 Rg5 33.
Ne6 Rxf5 34. exf5 Rc8 35. fxg6 hxg6 1-0

[Event "74th New York Masters"]
[Site "New York"]
[Date "2003.09.23"]
[Round "4"]
[White "Ehlvest, Jaan"]
[Black "Wojtkiewicz, Aleksander"]
[Result "1-0"]
[WhiteElo "2662"]
[BlackElo "2652"]
[PlyCount "113"]
[EventDate "2003.09.23"]
[SourceDate "2002.01.21"]

1. e4 c5 2. Nf3 d6 3. Bb5+ Nd7 4. c3 Ngf6 5. Qe2 a6 6. Ba4 b6 7. d4 cxd4 8.
cxd4 Bb7 9. Bc2 e6 10. O-O Be7 11. Nc3 O-O 12. Re1 Re8 13. a4 Nf8 14. Bd2 Ng6
15. Rac1 Qd7 16. b3 Bc6 17. Bd3 Bb7 18. h3 Bf8 19. Rc2 Rec8 20. Rec1 Be7 21.
Be3 d5 22. exd5 Nxd5 23. Nxd5 Qxd5 24. Rxc8+ Rxc8 25. Rxc8+ Bxc8 26. Qc2 Bb7
27. Qc7 Bd8 28. Qb8 Qd7 29. d5 Nf8 30. dxe6 Nxe6 31. Ne5 Qd5 32. f3 f6 33. Bc4
Qd1+ 34. Kh2 Bd5 35. Nc6 Bxc4 36. bxc4 Kf7 37. Nxd8+ Qxd8 38. Qb7+ Kg6 39. Qc6
Kf7 40. Bxb6 Qb8+ 41. Kg1 Qe5 42. Qd7+ Kg6 43. Qd3+ Kf7 44. a5 Qa1+ 45. Qf1 Qc3
46. Kh1 h5 47. f4 Qc2 48. f5 Ng5 49. Qf4 Ne4 50. Kh2 Qxc4 51. Qf3 g6 52. fxg6+
Kxg6 53. Qf4 Qd5 54. Qe3 Qe5+ 55. Kg1 f5 56. Bd4 Qxa5 57. Qb3 1-0

[Event "75th New York Masters"]
[Site "New York"]
[Date "2003.09.30"]
[Round "1"]
[White "Sarkar, Justin"]
[Black "Furdzik, Rafal"]
[Result "1-0"]
[WhiteElo "2429"]
[BlackElo "2265"]
[PlyCount "67"]
[EventDate "2003.09.30"]
[SourceDate "2002.01.21"]

1. d4 Nf6 2. c4 e6 3. Nc3 Bb4 4. Qc2 d5 5. cxd5 Qxd5 6. e3 c5 7. Bd2 Bxc3 8.
Bxc3 cxd4 9. Bxd4 Nc6 10. Bc3 e5 11. Nf3 O-O 12. Be2 Qc5 13. O-O Bg4 14. Rfc1
Rfe8 15. b4 Nxb4 16. Qb2 Nbd5 17. Bxe5 Qe7 18. Bd4 Nf4 19. Bb5 Nh3+ 20. gxh3
Bxf3 21. Bxf6 gxf6 22. Bxe8 Rxe8 23. Qd4 Kh8 24. Rc5 Rd8 25. Qc3 Kg7 26. Rg5+
Kh6 27. Rf5 Rg8+ 28. Kf1 Bg2+ 29. Ke2 Rg6 30. h4 Bh3 31. Rf4 Kg7 32. Qd4 Qc7
33. h5 Bg4+ 34. Rxg4 1-0

[Event "75th New York Masters"]
[Site "New York"]
[Date "2003.09.30"]
[Round "1"]
[White "Stripunsky, Alexander"]
[Black "Pruess, David"]
[Result "1-0"]
[WhiteElo "2660"]
[BlackElo "2347"]
[PlyCount "57"]
[EventDate "2003.09.30"]
[SourceDate "2002.01.21"]

1. e4 e6 2. d3 d5 3. Nd2 c5 4. Ngf3 Nc6 5. g3 Bd6 6. Bg2 Nge7 7. O-O O-O 8. Nh4
Bd7 9. f4 f6 10. c3 b5 11. f5 Re8 12. fxe6 Bxe6 13. exd5 Nxd5 14. Ne4 Bf8 15.
a4 bxa4 16. Qxa4 Qc7 17. Bf4 Nxf4 18. Rxf4 Ne5 19. Rxf6 gxf6 20. Nxf6+ Kf7 21.
Qf4 Ke7 22. d4 cxd4 23. cxd4 Qb6 24. Qxe5 Rad8 25. Kh1 Bg7 26. Nf5+ Kf7 27.
Nxg7 Re7 28. Rf1 Bc4 29. Nd5+ 1-0

[Event "75th New York Masters"]
[Site "New York"]
[Date "2003.09.30"]
[Round "2"]
[White "Bonin, Jay R"]
[Black "Esserman, Mark"]
[Result "1-0"]
[WhiteElo "2377"]
[BlackElo "2267"]
[PlyCount "125"]
[EventDate "2003.09.30"]
[SourceDate "2002.01.21"]

1. c4 f5 2. Nf3 Nf6 3. g3 g6 4. Nc3 Bg7 5. Bg2 d6 6. d4 O-O 7. O-O Nc6 8. d5
Ne5 9. Nxe5 dxe5 10. c5 h6 11. b4 g5 12. Qb3 Kh8 13. d6 exd6 14. Rd1 Qe7 15.
cxd6 cxd6 16. b5 Be6 17. Qb4 Rfd8 18. Ba3 Qf7 19. b6 a6 20. Rac1 d5 21. Qe7 Rd7
22. Qxf7 Bxf7 23. Na4 Bf8 24. Bxf8 Rxf8 25. Rc7 Rxc7 26. bxc7 Rc8 27. f4 e4 28.
fxg5 hxg5 29. Rf1 Bg6 30. Bh3 g4 31. Bxg4 Nxg4 32. Rc1 Bf7 33. Nb6 Be6 34. Nxc8
Bxc8 35. Rb1 Kg7 36. Rb6 Ne5 37. Rd6 Nc6 38. Rxd5 Ne7 39. Rd8 Kf7 40. Kf2 b5
41. Ke3 Ke6 42. Kd4 a5 43. Kc5 Bd7 44. Kb6 Kd6 45. h4 a4 46. c8=Q Nxc8+ 47. Ka5
Ne7 48. Rh8 Kc5 49. h5 b4 50. Rh7 Nc6+ 51. Kxa4 Be6 52. Rc7 Bxa2 53. h6 Bb1 54.
Rxc6+ Kxc6 55. h7 f4 56. gxf4 e3 57. h8=Q Kc5 58. Qe5+ Kc4 59. Qxe3 Bc2+ 60.
Ka5 b3 61. Qc1 Kc3 62. Qe1+ Kd4 63. Kb4 1-0

[Event "77th New York Masters"]
[Site "New York"]
[Date "2003.10.14"]
[Round "1"]
[White "Ross, Laura R"]
[Black "Bonin, Jay R"]
[Result "0-1"]
[WhiteElo "2120"]
[BlackElo "2339"]
[PlyCount "64"]
[EventDate "2003.10.14"]
[SourceDate "2002.01.21"]

1. e4 e6 2. d4 d5 3. e5 c5 4. c3 Qb6 5. Nf3 Bd7 6. Nbd2 Bb5 7. c4 Bxc4 8. Bxc4
dxc4 9. O-O Qa6 10. Qe2 Nc6 11. d5 exd5 12. e6 f6 13. Re1 Bd6 14. Nf1 Nge7 15.
Ne3 O-O 16. Rd1 Nb4 17. Nh4 f5 18. Qf3 f4 19. Nxd5 Nbxd5 20. Rxd5 Nxd5 21. Qxd5
Qc6 22. Qxc4 Be7 23. Nf3 Rad8 24. Bd2 Qd5 25. Qe2 Rd6 26. Re1 Rf6 27. Qb5 Qc6
28. Qb3 h6 29. Ne5 Qd5 30. Nc4 Rdxe6 31. Rd1 Re4 32. Rc1 Rfe6 0-1

[Event "77th New York Masters"]
[Site "New York"]
[Date "2003.10.14"]
[Round "2"]
[White "Stripunsky, Alexander"]
[Black "Shahade, Jennifer"]
[Result "1-0"]
[WhiteElo "2530"]
[BlackElo "2342"]
[PlyCount "87"]
[EventDate "2003.10.14"]
[SourceDate "2002.01.21"]

1. e4 c5 2. Nc3 g6 3. g3 Bg7 4. Bg2 d6 5. d3 Nc6 6. Be3 e6 7. Qd2 Qa5 8. Nf3
Bd7 9. O-O Nd4 10. a3 Ne7 11. Rab1 O-O 12. Nd5 Qd8 13. Nxe7+ Qxe7 14. Nh4 Rae8
15. c3 Nc6 16. Bh6 f5 17. Bxg7 Qxg7 18. f4 Kh8 19. Rbe1 e5 20. exf5 gxf5 21.
Rf2 exf4 22. Rxf4 Rxe1+ 23. Qxe1 Ne5 24. Qf1 Ng6 25. Nxg6+ Qxg6 26. Bxb7 Re8
27. Rf2 Re5 28. Re2 f4 29. Rxe5 dxe5 30. Be4 Qg5 31. Qf2 Kg7 32. Kf1 Bg4 33. h4
Bh3+ 34. Ke2 Qxg3 35. Qxg3+ fxg3 36. Kf3 Bf1 37. Kxg3 c4 38. dxc4 Bxc4 39. Kf3
h6 40. Ke3 Kf6 41. b4 Ke6 42. Bd3 Bd5 43. c4 Bh1 44. Be4 1-0

[Event "79th New York Masters"]
[Site "New York"]
[Date "2003.10.28"]
[Round "2"]
[White "Furdzik, Rafal"]
[Black "Sarkar, Justin"]
[Result "0-1"]
[WhiteElo "2251"]
[BlackElo "2369"]
[Annotator "Furdzik, R"]
[PlyCount "56"]
[EventDate "2003.10.28"]
[SourceDate "2002.01.21"]

1. e4 e6 2. Qe2 c5 3. Nf3 Nc6 4. g3 g6 5. Bg2 Bg7 6. O-O Nge7 7. c3 b6 $146 8.
d4 $6 (8. Rd1 d5 9. d3 O-O 10. e5 $1 $11 Qc7 11. d4) 8... cxd4 9. cxd4 a5 (9...
Nxd4 10. Nxd4 Bxd4 11. Na3 $1 $44 O-O (11... Bg7 12. e5 Rb8 13. Bf4 $14 O-O 14.
Nb5 Ba6 15. Rfd1 Rc8 16. a4 f6 17. exf6 Bxf6 18. Qd2 d5 19. Re1 Bxb5 20. axb5
Qd7 $15) 12. e5 d5 (12... Nc6 $2 13. Nc2 Bc5 14. b4 Nd4 15. Qc4 d5 16. exd6 Ba6
17. Qxa6 Nxc2 18. bxc5 Nxa1 19. Bh6 $18 Rb8 20. Bxf8 Qxf8 21. c6 Qxd6 22. Rxa1
$18) 13. Nc2 (13. exd6 Nd5 14. Bh6 Re8 15. Rfe1 Bd7 16. Rad1 $11) 13... Nc6 14.
Nxd4 Nxd4 15. Qd3 Nc6 16. Bh6 Re8 17. f4 Bb7 18. Rac1 $11) 10. Rd1 Ba6 11. Qe1
Nb4 12. Na3 Rc8 13. Bf1 $1 {White takes control of important f1-a6 diagonal,
however black can exploit the weakness of white's king position (g3) by
playing f6 (after d5 e5) with play on the f file.} Bxf1 14. Qxf1 O-O 15. Nb5 d5
16. e5 Nf5 17. a3 {blacjk has to go back now. White has b5 squere, black does
not own b4, however black rook is on the c file} Nc6 18. Bf4 {
The problem is that white does not have g4 now as f4 bishop will be hanginging}
(18. Qh3 $5 {idea g4} h5 (18... f6 19. g4 Nfe7 20. g5 f5 21. Nd6 $14) (18...
Qd7 19. g4 Nfe7 20. Nd6 Rb8 21. Ng5 h6 22. Ngxf7 Rxf7 23. Nxf7 Kxf7 24. Bxh6
$14) 19. Bf4 f6 20. g4 hxg4 21. Qxg4 fxe5 22. dxe5 Qe8 23. Rac1 $11) (18. Qe2
f6 19. g4 Nh6 {That would not be possible in the line with Qh3}) 18... f6 $1
$14 19. exf6 $2 {waste of time, since white wants to go to e5 any way. White
will loose one tempi.} (19. Qh3 $5 fxe5 (19... a4 {Na5 xc4,b3} 20. g4 Nfe7 21.
Nd6 $14 fxe5 22. Bxe5 {How usefull the queen is on h3, it can defend f3 and
attack h7. double role ! Besides it is taking care of white squeres after the
bishop is gone.}) 20. Ng5 {Now power of Qh3 is visible} h6 21. Nxe6 Qe8 22.
Nxg7 Kxg7 23. dxe5 Nxe5 24. Qg2 $1 $14 (24. g4 $6 Nxg4 25. Rxd5 $1 (25. Qxg4
Qxb5 $17) (25. Nc7 Rxc7 26. Bxc7 Nxf2 $1 27. Qc3+ Kh7 28. Re1 Qa4 $17) 25...
Qe2 26. Rd2 Qxb5 27. Qxg4 $11 a4 28. Rad1 Rce8 29. h4 $11 (29. Rd7+ Rf7))) (19.
Qe2 fxe5 20. Nxe5 Nxe5 21. Bxe5 Bxe5 (21... a4 $11) 22. Qxe5 Qe7 (22... Qd7 23.
a4 Rc2 24. Rac1) 23. Rac1 $14) 19... Bxf6 20. Qe2 Qe7 {Bd6} (20... Qd7 {xb5})
21. Ne5 $6 {White could have the same with tempi more by playing 19. Qe2.} (21.
g4 $2 Nfxd4 22. Nfxd4 Bxd4 23. Bd6 Bxf2+ (23... Qxd6 $2 24. Nxd6 Rxf2 25. Qxf2
Bxf2+ 26. Kxf2 $18) (23... Rxf2 24. Bxe7 Rxe2+ 25. Nxd4 Nxd4 26. Rxd4 Rcc2 $17)
24. Kg2 $1 (24. Qxf2 Rxf2 25. Bxe7 Rxb2 $19 26. Nd6 Nxe7 27. Nxc8 Nxc8 $19)
24... Qd7 $1 {xe6} (24... Qf6 25. Bxf8 Rxf8 26. Rf1 $18 Qg5 27. Qxe6+ (27. Rxf2
Rxf2+ 28. Kxf2 $18) 27... Kg7 28. Rxf2 Rxf2+ 29. Kxf2 Qd2+ 30. Kg1 Qxb2 31. Rf1
$18 Qxb5 32. Rf7+ Kh6 33. Qe3+ g5 34. Qe6# {#}) (24... Qg5 25. Qxe6+ $18 Kg7
26. Rxd5 Qh4 27. Bxf8+ Rxf8 28. Rd7+ Kh8 29. Qxc6 Qxg4+ 30. Kh1 $18) 25. Bxf8
Rxf8 26. Rf1 Bc5 27. Rxf8+ Bxf8 28. Rf1 e5 $17) (21. Rac1 $11 Nfxd4 $4 22.
Nbxd4 Nxd4 23. Nxd4 e5 24. Rxc8 Rxc8 25. Re1 $18) 21... Nxe5 22. Bxe5 Bxe5 23.
Qxe5 (23. dxe5 Rc4 $17 24. Rac1 Re4 25. Qd3 Rxe5 26. Rc6 Qf6 $17) 23... Rc2 24.
b4 $2 (24. Rac1 Rxb2 25. Nc7 $1 (25. Rc7 Qf6 26. Qxf6 Rxf6 $17) 25... b5 26.
Nxe6 (26. Qxe6+ $6 Qxe6 27. Nxe6 Rb8 $17 28. Rc5 (28. Nc5 b4 $17) 28... b4 (
28... Ra2 29. Nc7 Rxa3 30. Nxb5 $11) 29. axb4 (29. Rxa5 b3 $1 30. Rxd5 Ra2 31.
Re5 (31. Rb1 b2 32. Re5 Nd6 $1 $19) 31... b2 32. Ree1 Nd6 33. Nc5 Nc4 34. Ne4
Nxa3 35. Nc3 Nc2 36. Nxa2 Nxe1 37. Nc3 Nf3+ $17) 29... axb4 30. Rxd5 b3 31. g4
Nh4 32. Rd7 Re2 $17) 26... Re8 27. Re1 Qd6 (27... Qxe6 28. Qxe6+ Rxe6 29. Rxe6
Nxd4 30. Rc8+ Kg7 31. Rc7+ Kh6 32. Ree7 $16) 28. Qf6 $1 $16 Qd7 29. Re5 $1 $18
(29. Rc7 Qxc7 30. Nxc7 Rxe1+ 31. Kg2 Ree2 32. Kh3 Rxf2 33. Qd8+ Kf7 34. Qd7+
$11) 29... Qf7 30. Qxf7+ Kxf7 31. Ng5+ Kf8 32. Nxh7+ Kf7 33. Ng5+ Kf8 34. Rxd5
$18) 24... Qd7 25. Rac1 $3 {But draw only !} (25. a4 axb4 26. Rdc1 Rxc1+ 27.
Rxc1 Rc8 28. Rb1 $11) 25... Rxc1 26. Rxc1 Qxb5 27. Qxe6+ $4 $19 (27. Rc7 $1 {
Double idea1) g4, xg7 and 2) Qe6 Qe5 =} Qe8 (27... axb4 28. Qxe6+ Kh8 29. Qe5+
$11) (27... Qd3 28. Qxe6+ Kh8 29. Qe5+ $11) 28. g4 Ne7 29. Qxe6+ Rf7 30. b5 a4
$17 31. Rb7 Qd8 32. Rd7 Qf8 33. Qxb6 $11 Kg7 (33... Rxf2 $4 34. Rd8 $18 Rf1+
35. Kg2 Rf2+ 36. Kh3 Rf3+ 37. Kh4) (33... Rf6 34. Qc7 Rxf2 35. Rd8 Rf1+ 36. Kg2
Rf2+ 37. Kg3 Rf3+ 38. Kg2 $11 (38. Kh4 $4 g5+ 39. Kxg5 h6+ 40. Kh4 Ng6+ 41. Kh5
Nf4+ 42. Qxf4 Qxd8 $19)) 34. Qd6 $11 {
Black will not be able to get out of the pin}) 27... Kg7 28. Qe5+ (28. Rc7+ Kh6
29. Qe1 (29. g4 $2 Re8 $19 (29... Nh4 $2 30. Qe7 Nf3+ 31. Kg2 Qe8 (31... Rf4
32. h4 $1 $18 (32. Qe3 Nh4+ (32... Kg5 33. Kg3 $18) 33. Kg1 g5 $19)) 32. Qxh7+
(32. Qg7+ {controling f6, h6 and f8 rook} Kg5 33. Rd7 {xd5} Qe4 $1 $19 34. Qxf8
Nh4+ 35. Kf1 Qd3+ 36. Ke1 (36. Kg1 Qd1# {#}) 36... Ng2# {#}) 32... Kg5 33. Kg3
$3 $18 (33. Rd7 Qe4 $19) 33... Kf6 34. Qg7+ Ke6 35. b5 $18) (29... Qd3 30. gxf5
Rxf5 $19 31. Qe3+ Rg5+ $19)) 29... Qe8 30. Qc1+ g5 31. h4 Rg8 32. hxg5+ Rxg5
33. Rc6+ Kh5 $19) 28... Kh6 {White lost here on time} 0-1

[Event "80th New York Masters"]
[Site "New York"]
[Date "2003.11.04"]
[Round "1"]
[White "Ross, Laura R"]
[Black "Fierro Baquero, Martha Lorena"]
[Result "0-1"]
[WhiteElo "2186"]
[BlackElo "2320"]
[PlyCount "88"]
[EventDate "2003.11.04"]
[SourceDate "2002.01.21"]

1. e4 d5 2. exd5 Qxd5 3. Nc3 Qa5 4. Bc4 c6 5. d3 Nf6 6. Qe2 Bf5 7. Bd2 e6 8.
O-O-O Nbd7 9. Nb5 Qd8 10. Nd4 Bg6 11. Bxe6 fxe6 12. Nxe6 Qe7 13. Nc7+ Kf7 14.
Nxa8 Qxe2 15. Nxe2 Bd6 16. Bf4 Bxf4+ 17. Nxf4 Rxa8 18. f3 h5 19. h4 Bf5 20. d4
Nb6 21. Rhe1 g6 22. g3 Nbd5 23. Nd3 Bxd3 24. Rxd3 Rd8 25. a3 b5 26. b3 Nb6 27.
Re5 Nfd7 28. Re2 Nf8 29. g4 Ne6 30. Re4 Rd6 31. Rd1 Nd5 32. Kb2 Nf6 33. Re3
hxg4 34. fxg4 Nxg4 35. Rf3+ Nf6 36. c3 Ng7 37. Rg1 Nf5 38. Rf4 Rd8 39. c4 bxc4
40. bxc4 Nxd4 41. Re1 Ne6 42. Rf2 Nc5 43. Kc2 Rd4 44. Kc3 Rxh4 0-1